| 000 | 00740cam a2200253 i 4500 | ||
|---|---|---|---|
| 001 | 5884 | ||
| 003 | BD-RjUL | ||
| 005 | 20211208234139.0 | ||
| 008 | 140107s1975 enk b 000 0 eng | ||
| 020 |
_a0710080859 : _a0710080867 |
||
| 035 | _a(BD-RjUL)5923 | ||
| 040 |
_aDLC _cDLC _dDLC _dBD-RjUL _beng |
||
| 041 | _aeng | ||
| 082 | 0 | 0 |
_a361.40941 _bDAU 1975 _223 |
| 100 | 1 |
_aDavies, Bernard _918490 |
|
| 245 | 1 | 4 |
_aThe use of groups in social work practice / _cBernard Davies |
| 260 |
_aLondon ; _aBoston : _bRoutledge and Kegan Paul, _cc1975. |
||
| 300 |
_ax, 147 p. ; _c22 cm. |
||
| 490 | 0 | _aLibrary of social work | |
| 504 | _aBibliography: p. 145-147. | ||
| 650 | 0 |
_aSocial group work. _916781 |
|
| 942 |
_2ddc _cBK |
||
| 999 |
_c5884 _d5884 |
||